LEADER 00853nam0-2200289---450- 001 990009200710403321 005 20100621093846.0 010 $a9242580147 035 $a000920071 035 $aFED01000920071 035 $a(Aleph)000920071FED01 035 $a000920071 100 $a20100621d1989----km-y0itay50------ba 101 0 $afre 105 $aa-------001yy 200 1 $aVoyages internationaux et santé$evaccinations exigées et conseils d'higiène$esituation au 1e janvier 1989 210 $aGenève$cOMS$d1989 215 $a90 p.$cill.$d21 cm 610 0 $aVaccinazioni 710 02$aOrganizzazione mondiale della sanità$0361629 801 0$aIT$bUNINA$gRICA$2UNIMARC 901 $aBK 912 $a990009200710403321 952 $aIG 18 B 49$fDMIGI 959 $aDMIGI 996 $aVoyages internationaux et santè$9441315 997 $aUNINA LEADER 01164nam a22002651i 4500 001 991003157569707536 005 20030903143858.0 008 030925s1914 it |||||||||||||||||ita 035 $ab12388099-39ule_inst 035 $aARCHE-043562$9ExL 040 $aBiblioteca Interfacoltà$bita$cA.t.i. Arché s.c.r.l. Pandora Sicilia s.r.l. 082 04$a945 100 1 $aFerorelli, Nicola$0157963 245 13$aIl ducato di Bari sotto Sforza Maria Sforza e Ludovico il Moro :$bda documenti inediti del R.Archivio di Stato, dell'Ambrosiana e della Trivulziana di Milano /$cNicola Ferorelli 260 $aMilano :$btip. Milesi & Nicola,$c1914 300 $a84 p. ;$c23 cm 650 4$aBari (Ducato) 650 4$aSforza, Ludovico : detto il Moro 650 4$aSforza, Sforza Maria (Duca di Bari) 907 $a.b12388099$b02-04-14$c08-10-03 912 $a991003157569707536 945 $aLE002 Busta A 17/15 (Fondo Guerrieri)$g1$i2002000116147$lle002$o-$pE0.00$q-$rn$so $t0$u0$v0$w0$x0$y.i12795410$z08-10-03 996 $aDucato di Bari sotto Sforza Maria Sforza e Ludovico il Moro$9169799 997 $aUNISALENTO 998 $ale002$b08-10-03$cm$da $e-$fita$git $h3$i1